| 000 | 01544nam a2200241Ia 4500 | ||
|---|---|---|---|
| 003 | Ost | ||
| 005 | 20260507075559.0 | ||
| 008 | 260507s9999||||xx |||||||||||||| ||und|| | ||
| 020 | _a9773452808 | ||
| 040 | _cfsecg | ||
| 041 | _aara | ||
| 082 | _a300 | ||
| 100 |
_aستون، ميرلين _eمؤلف |
||
| 245 | 0 |
_aالتسويق من خلال علاقتك بالعملاء / _c ميرلين ستون |
|
| 260 |
_aالقاهرة: _bدارالفاروق لنشر والتوزيع, _c2006 |
||
| 300 |
_a248 صفحة؛ _bإيضاحات ؛ _c24 سم |
||
| 520 | _aاهمية تسويق المنتجات اضافة الى النماذج الخاصة بادارة العملاء, التعرف على مطالب العملاء, التعرف على السياسات التي ستنتهجها الشركة, و كذا تقييم نتائج العمل, اهمية بحث اوضاع السوق, الاحتفاظ بالعملاء و اكتساب ثقتهم, العمليات و الاجراءات , دراسة آداء الافراد, تكنولوجيا التسوق من خلال العلاقة بالعملاء بين اليوم و الغد, مستقبل التسويق من خلال الاتصال باعملاء الكترونيا و في الاخير التخطيط لبرامج التسويق من خلال العلاقة بالعملاء. | ||
| 653 | _aالتسويق | ||
| 653 | _aالعملاء | ||
| 700 |
_aماكتينجر، ليز _eمؤلف ثانوي |
||
| 700 |
_aوودكوك، نيل _eمؤلف ثانوي |
||
| 942 | _cكتاب | ||
| 999 |
_c44989 _d44989 |
||